Coautoría y complicidad: Estudio histórico y jurisprudencial.
Saved in:
| Hovedforfatter: | |
|---|---|
| Format: | Bog |
| Udgivet: |
Madrid, España:
Dykinson,
1993.
|
| Fag: | |
| Tags: |
Tilføj Tag
Ingen Tags, Vær først til at tagge denne postø!
|
MARC
| LEADER | 00000nam a22000007a 4500 | ||
|---|---|---|---|
| 003 | CL-VaPUC | ||
| 005 | 20220822114550.0 | ||
| 008 | 220707t1993 ||||| |||| 00| 0 eng d | ||
| 999 | |c 436779 |d 436777 | ||
| 020 | |a 84-8155-002-7 | ||
| 040 | |c Pontificia Universidad Católica de Valparaíso | ||
| 082 | 7 | |a 345.04 AMA 1993 |2 22 | |
| 100 | 1 | |a Amaya García, Víctor Manuel |e autor |9 872364 | |
| 245 | |a Coautoría y complicidad: |b Estudio histórico y jurisprudencial. | ||
| 260 | |a Madrid, España: |b Dykinson, |c 1993. | ||
| 300 | |a 292 páginas. | ||
| 500 | |a c.1 Donación Familia Prof. Alejandro Guzmán Brito. | ||
| 583 | |c 20220707 |k Cristina María Rojas Aguilar | ||
| 650 | 0 | |a Complicidad |9 472316 |x Derecho penal | |
| 650 | 0 | |a Coautores |x Derecho penal |9 872365 | |
| 942 | |2 ddc |c BK |n 0 | ||
| 952 | |0 0 |1 0 |2 ddc |4 0 |6 345_040000000000000_AMA_1993 |7 0 |8 C_AGB |9 584498 |a BIBDER |b BIBDER |d 2022-07-07 |e Donación |i 5652578 |o 345.04 AMA 1993 |p 5652578 |r 2023-01-25 |t 1 |w 2022-07-07 |y BK_US |k AGB | ||